000 00609pam a2200181 a 4500
020 _a0471540412
082 0 0 _a519.5
_bMON
_cL-39, P-178
100 1 _aMontgomery, Douglas C.
_918348
245 1 0 _aApplied statistics and probability for engineers /
_cDouglas C. Montgomery, George C. Runger.
260 _aNew York :
_bJohn Wiley & Sons,
_cc1994.
300 _a1 v. (various pagings) :
_bill. (some col.) ;
_c25 cm.
526 _a0
_b0
_c0
_d519_500000000000000_MON
650 0 _aMCE
_9379
650 0 _aProbabilities.
_979
650 0 _aStatistics.
_969
700 1 _aRunger, George C.
_934484
942 _2ddc
_cBK
999 _c543988
_d543988